Gender across Media Landscapes /
The end of the first quarter of the 21st century invites us to revisit what gender means in society and how it has shaped our literal and cultural landscapes. This volume seeks to explore these spaces from interdisciplinary perspectives. The contributions span both "highbrow" art and popul...
Other Authors: , ,
Format: eBook
Language: English
Published:
Leiden ; Boston :
Brill,
2026.
Series:
Critical Studies ;
43.
Literature and Cultural Studies E-Books Online, Collection 2026
Subjects:
Online Access: Login to view Source
Tags: Add Tag
Call Number: PN33
| LEADER | 04429nam a22005178i 4500 | ||
|---|---|---|---|
| 001 | BRILL9789004754591 | ||
| 003 | nllekb | ||
| 005 | 20260324115025.0 | ||
| 006 | m d | ||
| 007 | cr un uuuua | ||
| 008 | 251119s2026 gw sb 001 0 eng d | ||
| 020 | |a 9789004754591 |q (electronic book) | ||
| 020 | |z 9789004751897 |q (print) | ||
| 024 | 7 | |a 10.1163/9789004754591 |2 DOI | |
| 040 | |a NL-LeKB |c NL-LeKB |e rda | ||
| 041 | |a eng | ||
| 050 | 4 | |a PN33 | |
| 072 | 7 | |a DS |2 bicssc | |
| 072 | 7 | |a LIT |x 000000 |2 bisacsh | |
| 082 | 0 | 4 | |a 809 |
| 245 | 0 | 0 | |a Gender across Media Landscapes / |c edited by Aleksandra Kamińska, Ewa Kowal and Olga O'Toole. |
| 264 | 1 | |a Leiden ; |a Boston : |b Brill, |c 2026. | |
| 264 | 4 | |c ©2026 | |
| 300 | |a 1 online resource (350 pages) : |b illustrations. | ||
| 336 | |a text |b txt |2 rdacontent | ||
| 337 | |a computer |b c |2 rdamedia | ||
| 338 | |a online resource |2 rdacarrier | ||
| 490 | 1 | |a Critical Studies ; |v 43 | |
| 490 | 1 | |a Literature and Cultural Studies E-Books Online, Collection 2026 | |
| 504 | |a Includes bibliographical references and index. | ||
| 505 | 0 | |t Figures and Tables -- Notes on Contributors -- Mapping the Landscapes of Gender in the 21st Century -- Aleksandra Kamińska, Ewa Kowal and Olga O'Toole -- Part 1 Traversing Landscapes -- 1 Queering International Port City Landscapes in Claude McKay's Romance in Marseille , Jane Bowles's Two Serious Ladies , and Alfred Chester's "The Foot" -- Ben Robbins -- 2 Why Are Men So Afraid to Cry? The Reception of Male K-pop Stars' Masculinities -- Somya Dimri -- 3 The Imaginary Landscape of Swedish Gender Equality: David Fincher's The Girl with the Dragon Tattoo vs Niels Arden Oplev's Men Who Hate Women -- Magdalena Cieślak and Katarzyna Świętochowska -- Part 2 Reclaiming Landscapes -- 4 Exploring Gendered Narratives in Mountaineering -- Julija Šuligoj -- 5 Gendered Landscapes of Extinction in Contemporary Feminist Plays -- Aleksandra Kamińska -- Part 3 (Trans)Forming Landscapes -- 6 From the In/Outside: Drawing the Experience of Pregnancy in Two Contemporary American Autobiographical Comics -- Małgorzata Olsza -- 7 Soft Save for the Quill: Deconstructing the Stereotypical Cowboy across Media (and) Landscapes -- Corin Wardzich -- Part 4 Mapping Landscapes -- 8 Mapping the Online Media Landscape around Rape Culture: Socio-Semiotic Representations of Rape in American Press Reports about Sexual Assault -- Olga O'Toole -- 9 Cabin Porn and Cottagecore: Digital Media Domestic Landscapes in Two Gendered Online Aesthetics -- Ewa Kowal -- Part 5 Imagining Landscapes -- 10 Into the (Not So) Unknown: Gender and the Cultural Production of Outer Space in Contemporary Digital Games -- Eren İleri -- 11 Alien Landscape, Alien Gender: New Hopepunk Genders in Space -- Lilith Acadia -- 12 B3Y0ND B1NARY C0D3: the Digital Horizons of Postgender -- Denis Petrina -- Index. | |
| 520 | |a The end of the first quarter of the 21st century invites us to revisit what gender means in society and how it has shaped our literal and cultural landscapes. This volume seeks to explore these spaces from interdisciplinary perspectives. The contributions span both "highbrow" art and popular culture, mapping interactions between gender and landscape as represented through numerous media. From urban to wild landscapes, distant planets, but also discursive practices, gendered domesticity, and the landscape of the body, the reader is invited to reflect on gender as a ubiquitous cultural marker. While contributing to the growing body of work on gender, media, and landscape, the volume lays out a new groundwork for developments in interdisciplinary studies on gender and its possible futures. | ||
| 546 | |a English | ||
| 588 | |a Description based on print version record. | ||
| 650 | 0 | |a Cultural History. | |
| 650 | 0 | |a Gender Studies. | |
| 650 | 0 | |a Literature and Cultural Studies. | |
| 650 | 0 | |a Literature, Arts & Science. | |
| 700 | 1 | |a Kamińska, Aleksandra, |e editor. | |
| 700 | 1 | |a Kowal, Ewa, |e editor. | |
| 700 | 1 | |a O'Toole, Olga, |e editor. | |
| 776 | 0 | 8 | |i Print version: |t Gender across Media Landscapes. |d Leiden ; Boston : Brill, 2026. |z 9789004751897 |w (OCoLC)1538461299 |
| 830 | 0 | |a Critical Studies ; |v 43. | |
| 830 | 0 | |a Literature and Cultural Studies E-Books Online, Collection 2026 | |
| 856 | 4 | |z DOI: |u http://dx.doi.org/10.1163/9789004754591 | |
| 999 | |c 61975 |d 61975 | ||
